000 00698nam a2200217Ia 4500
001 15431
003 GE_BSU
008 181216s||||||||xx |||||||||||||| ||und||
040 _cGE_BSU
080 _a821.353.1
100 _aჩიქოვანი,სიმონ
245 _aთხზულებანი. ტ2. ლექსები
245 _cრედ.ვ.ჯავახაძე. მხატვ. ვლ.ქუთათელაძე
260 _aთბილისი
260 _bსაბჭ. საქართველო
260 _c1965
300 _a320გვ.20სმ.
653 _aთხზულებანი
653 _aლექსები
942 _cBK
999 _c48534
_d48534